Perspectives on governance and society (Record no. 165377)
[ view plain ]
| 000 -LEADER | |
|---|---|
| fixed length control field | 00828nam a2200265Ia 4500 |
| 003 - CONTROL NUMBER IDENTIFIER | |
| control field | OSt |
| 005 - DATE AND TIME OF LATEST TRANSACTION | |
| control field | 20251027184327.0 |
| 008 - FIXED-LENGTH DATA ELEMENTS--GENERAL INFORMATION | |
| fixed length control field | 210423s2013 xx 000 0 und d |
| 020 ## - INTERNATIONAL STANDARD BOOK NUMBER | |
| International Standard Book Number | 978-81-316-0537-0 |
| 040 ## - CATALOGING SOURCE | |
| Transcribing agency | AL |
| 041 ## - LANGUAGE CODE | |
| Language code of text/sound track or separate title | English |
| 082 ## - DEWEY DECIMAL CLASSIFICATION NUMBER | |
| Classification number | 351 |
| Item number | TRIP |
| 100 ## - MAIN ENTRY--PERSONAL NAME | |
| Personal name | Neelam Trivedi |
| 9 (RLIN) | 112043 |
| 245 ## - TITLE STATEMENT | |
| Title | Perspectives on governance and society |
| Remainder of title | : essays in honour of professor O P Dwivedi |
| 260 ## - PUBLICATION, DISTRIBUTION, ETC. | |
| Place of publication, distribution, etc. | New Delhi |
| Name of publisher, distributor, etc. | Rawat Publications |
| Date of publication, distribution, etc. | 2013 |
| 300 ## - PHYSICAL DESCRIPTION | |
| Extent | xiv,338 |
| Other physical details | PB |
| 365 ## - TRADE PRICE | |
| Price amount | 895 |
| Currency code | INR |
| 650 ## - SUBJECT ADDED ENTRY--TOPICAL TERM | |
| Topical term or geographic name entry element | Law |
| 9 (RLIN) | 112044 |
| 650 ## - SUBJECT ADDED ENTRY--TOPICAL TERM | |
| Topical term or geographic name entry element | Public Administration |
| 9 (RLIN) | 112045 |
| 700 ## - ADDED ENTRY--PERSONAL NAME | |
| Personal name | Mau, Tim A |
| 9 (RLIN) | 242888 |
| 700 ## - ADDED ENTRY--PERSONAL NAME | |
| Personal name | Vajpeyi, Dhirendra |
| 9 (RLIN) | 242889 |
| 700 ## - ADDED ENTRY--PERSONAL NAME | |
| Personal name | Dwivedi, srinath Prasad |
| 9 (RLIN) | 242890 |
| 906 ## - LOCAL DATA ELEMENT F, LDF (RLIN) | |
| a | Dwivedi ; essays ; governance ; honour ; O ; P ; Perspectives ; professor ; society: |
| 942 ## - ADDED ENTRY ELEMENTS (KOHA) | |
| Source of classification or shelving scheme | Dewey Decimal Classification |
| Koha item type | Book |
| Withdrawn status | Lost status | Damaged status | Not for loan | Collection code | Home library | Current library | Date acquired | Source of acquisition | Cost, normal purchase price | Total Checkouts | Full call number | Barcode | Date last seen | Date last checked out | Price effective from | Koha item type |
|---|---|---|---|---|---|---|---|---|---|---|---|---|---|---|---|---|
| M Com | St Aloysius PG Library | St Aloysius PG Library | 01/28/2014 | Deepthi Book House | 895.00 | 1 | 351 TRIP | PG011875 | 12/07/2022 | 11/29/2022 | 04/26/2021 | Book |